:! في البدء كان الصراع (Record no. 13936)
[ view plain ]
| 000 -الفاتح | |
|---|---|
| حقل البيانات ثابتة الطول | 00867nam a22001697a 4500 |
| 008 - عناصر البيانات ثابتة الطول - معلومات عامة | |
| حقل البيانات ثابتة الطول | 100426s1997 le|||||r|||| 001 0 ara d |
| 020 ## - الرقم الدولى المعيارى للكتب | |
| الرقم الدولى المعيارى للكتاب | 1855169304 |
| 082 ## - رقم تصنيف ديوى العشرى | |
| رقم الطبعة | 22 |
| رقم التصنيف | 320.956 |
| رقم المادة | ن ق ي |
| 100 ## - المدخل الرئيسى - إسم شخصى | |
| 9 (RLIN) | 13623 |
| الإسم الشخصى | النقيب،خلدون حسن |
| 245 ## - بيان العنوان | |
| العنوان | :! في البدء كان الصراع |
| بقية العنوان | جدل الدين والأثنية، الأمة والطبقة، عند العرب / |
| بيان المسئوليه,etc | خلدون حسن النقيب |
| 260 ## - PUBLICATION, DISTRIBUTION, ETC. (IMPRINT) | |
| مكان الناشر او الموزع | بيروت: |
| اسم الناشر او الموزع | دار الساقي، 1997 |
| تاريخ النشر أو التوزيع | 1997 |
| 300 ## - الوصف المادى | |
| التعداد | 432 ص؛ |
| أبعاد الوعاء | 24 سم |
| 504 ## - تبصرة ببليوجرافية | |
| تبصرة ببليوجرافية,الخ | ببليوجرافية ص 425-4229 وكشافات |
| 651 ## - المدخل الاضافى بالموضوع - اسم جغرافى | |
| 9 (RLIN) | 13680 |
| الاسم الجغرافي | العالم العربي |
| التقسيم الفرعي العام | الأحوال الاجتماعية |
| 942 ## - عناصر المدخل الإضافي( كوها) | |
| مصدر التصنيف او مخطط الترفيف | Dewey Decimal Classification |
| Koha [default] item type | Book - Borrowing |
| حالة التراجع | حالة الفقد | مصدر التصنيف او خطة الترفيف | حالة تلف | ليس للاعارة | مجموعات كوها | المكان الدائم | المكان الحالي | موقع الترفيف | تاريخ الاكتساب | Source of acquisition | سعر الشراء الطبيعي | تعداد مسلسل / التسلسل الزمني | رقم الاستدعاء | الباركود | Date last seen | مُعار | نوع الوعاء |
|---|---|---|---|---|---|---|---|---|---|---|---|---|---|---|---|---|---|
| Dewey Decimal Classification | الساقي | Central Library | Central Library | First floor | 26/04/2010 | 66.00 | 4892 | 320.956 الن | 000020729 | 06/11/2025 | 22/02/2025 | Book - Borrowing |